| 000 | 02446nam a2200181Ia 4500 | ||
|---|---|---|---|
| 999 |
_c4104 _d4104 |
||
| 020 | _a0133163326 | ||
| 050 | _aHF5681.B2F64 | ||
| 100 | 1 | _aFoster, George, | |
| 245 | 1 | 0 |
_aFinancial statement analysis / _cGeorge Foster. |
| 250 | _aSecond edition. | ||
| 260 |
_aUpper Saddle River _bPrentice hall International _c1986 |
||
| 300 |
_axii, 625 pages : _billustrations. |
||
| 500 | _a"Prentice-Hall international editions"--Prelim. | ||
| 505 | _aPreface ix The demand for financial statement information 1 The supply of financial statement information 23 Financial statement analysis: Introductory techniques 57 Financial statement numbers: Some empirical issues and evidence 95 Financial statement numbers and alternative accounting methods 133 Cross-sectional analysis of financial statement information 175 Time series analysis of financial statement information 211 Forecasting financial statement information 261 Capital markets and information efficiency 299 Asset pricing and financial statement information 335 Capital markets and corporate information releases 373 Equity securities and financial statement information 421 Corporate restructuring and financial information 459 Distress analysis and financial information 533 Loan decisions and financial information 573 Index 611 Financial statement numbers and alternative accounting methods 133 Cross-sectional analysis of financial statement information 175 Time-series of financial statement information 211 Forecasting financial statement information 261 Capital markets and information efficiency 299 Asset pricing and financial statement information 335 Capital markets and corporate information releases 373 Equity securities and financial statement information 421 Corporate restructuring and financial information 459 Debt ratings, debt securities and financial information 497 Distress analysis and financial information 533 Loan decisions and financial information 573 Index 611 | ||
| 650 | 0 | _aFinancial statements. | |
| 700 | _aGeorge Foster. | ||
| 942 | _cBK | ||